[Event "Regionalliga Sued-Ost 1718"]
[Site "Bayern"]
[Date "2017.11.12"]
[Round "2.7"]
[White "Krause, Christian"]
[Black "Friedsam, Gerhard"]
[Result "1/2-1/2"]
[WhiteElo "1936"]
[BlackElo "1884"]
[PlyCount "83"]
[EventDate "2017.10.22"]
[EventType "team-tourn"]
[EventRounds "9"]
[EventCountry "GER"]
[SourceTitle "EXT 2022"]
[Source "ChessBase"]
[SourceDate "2021.10.06"]
[SourceVersion "1"]
[SourceVersionDate "2021.10.06"]
[SourceQuality "1"]
[WhiteTeam "Ebersberg Grafing"]
[BlackTeam "Bruckmuehl SK"]
[WhiteTeamCountry "GER"]
[BlackTeamCountry "GER"]

1. g3 e6 2. Bg2 d5 3. d3 Nf6 4. Nd2 Bc5 5. Ngf3 Bxf2+ 6. Kxf2 Ng4+ 7. Kg1 Ne3 8. Qe1 Nxc2 9. Qd1 Nxa1 10. b3 Qf6 11. d4 b6 12. Bb2 Nxb3 13. Qxb3 Bb7 14. h4 h6 15. Kh2 Nc6 16. Rf1 Qe7 17. Ba3 Qd7 18. Qc3 0-0-0 19. Rc1 f5 20. e3 Kb8 21. Bf1 a6 22. Bxa6 Bxa6 23. Qxc6 Qxc6 24. Rxc6 Rde8 25. Ne5 g5 26. h5 Kb7 27. Rc2 Ra8 28. Bb4 Bb5 29. Ng6 Rhg8 30. Nf3 Ba4 31. Rb2 Bd1 32. Nfe5 Bxh5 33. Ne7 Rg7 34. a3 Be8 35. Rc2 Ba4 36. Rc3 Re8 37. N7c6 Rh8 38. Be7 Rhh7 39. Bf8 Rg8 40. Nd8+ Kb8 41. Nxe6 h5 42. Rxc7 1/2-1/2